000 00618nam a2200229Ia 4500
005 20260320201935.0
008 008 262003s9999 xx 000 0 eng d
037 _aEBOOK
040 _aCRL
040 _beng
040 _cCRL
041 _2eng
041 _aeng
084 _qCRL
100 _aHagino
_91136367
245 0 _aPractical Node-RED Programming: Learn powerful visual programming techniques and best practices for the web and IoT
260 _bIEEE
856 _uhttps://ieeexplore.ieee.org/servlet/opac?bknumber=10163187
942 _cEBOOK
999 _c1724395
_d1724395